000
00287nam a2200121Ia 4500
005
20251222152006.0
008
251222s9999||||xx |||||||||||||| ||spa||
082
_a
574/A81
245
0
_a
Annals of Aplied Biology
250
_a
1ra.ed.
264
_b
Asociación de Biólogos
942
_c
LIB
999
_c
24714
_d
24714